1194 1324 1699 1494 1838 1111 1066 1950 1771 1396 1939 1220 1789 1483 1745 1955 1609 1059 1934 1112 1132 1243 1057 1369 1365 1628 1845 1787 1648 1804 1152 1333 1037 1069 1947 1742 1405 1277 1178 1289 1411 1847 1766 1891 1904 1807 1452 1817 1532 1460 1067 1557 1187 1934 1482 1910 1140 1149 1390 1320 1735 1349 1267 1676 1051 1278 1338 1591 1670 1892 1748 1045 1558 1796 1235 1241 1243 1156 1756 1310 1969 1927 1423 1833 1042 1245 1526 1679 1485 1032 1591 1689 1864 1344 1677 1427 1242 1953 1873 BCNSPRNW ULIB Ver.6.0+V

เปลี่ยนเป็นภาษาไทย

Change to English
 แสดงรายละเอียดบรรณานุกรม
  กลับหน้าหลัก

Brief Record : Get Marc (ISO 2709) : E-mail record : QR code < ปิดหน้าต่าง
LEADER : 00000nam 2200000uu 4500
001    13399114335
003     ULIB
008    120322s2553||||th 000 0 tha d
020    ^a9786167349046
090    ^aนว.^bม721U 2553
100 0  ^aMagician is Doll
245 00 ^aนายกะล่อนขออ้อนรัก/^cMagician is Doll
250    ^aพิมพ์ครั้งที่ 1
260    ^aกรุงเทพฯ :^bแจ่มใส,^c2553
300    ^a240 หน้า
710 1  ^aแจ่มใส
945    ^p180^l0^i17082
995    ^aกัณชพร
999    ^aใช้งานได้ทุกระบบ
รายการนี้ยังไม่มีแท็ก
คุณยังไม่ได้ล็อกอิน คุณสามารถมีกิจกรรมร่วมกับเว็บไซต์ได้ แต่ต้องล็อกอินก่อน ::
  ล็อกอิน

รายการสื่อสารสนเทศ

ลำดับที่ ประเภท เลขเรียก/บาร์โค้ด สถานที่ สถานะ
1. นวนิยาย
นวนิยาย
นว. ม721U 2553  
  Barcode: 17082
ห้องสมุดวิทยาเขตสวรรค์ประชารักษ์
►นวนิยาย
บนชั้น
  ขอยืม

BibComment


ยังไม่เคยถูกคอมเมนท์

คอมเมนท์ทรัพยากรรายการนี้
  คอมเมนท์: นายกะล่อนขออ้อนร..


 Copyright 2026. Bcnsprnw @Library